000 00596 a2200169 4500
999 _c5675
_d5675
010 _aENG-86965
020 _a8184241895
_c375.00
035 _aEN-70498
037 _bDBAD / PUB
082 1 4 _a551.47024
245 1 _aTsunami in South Asia :
_bstudies on impact of tsunami on communities of Andaman and Nicobar Islands /
260 _aNew Delhi
_bAllied Publishers
_c2007
270 _a1/13-14 Asaf Ali Road
_bNew Delhi
_e110 002
_k011-23239001
300 _axi, 195 p.
_bcol. & b & w photos
_c24 cm. (Pbk)
500 _aIncludes glossary
942 _adpl
_cEN
_2ddc
_h551.47024
_mTSU